Extended linear chain compounds /

Bibliographic Details
Other Authors: Miller, Joel S.
Format: Book
Language:English
Published: New York : Plenum Press, [1982-]
Subjects:

MARC

Tag First Indicator Second Indicator Subfields
LEADER 00000pam a2200000 a 4500
001 in00000085553
005 20151008061533.0
008 810930m19829999nyua b 00100 eng
010 |a  81017762  
020 |a 0306407116 (v.1) 
020 |a 0306407124 (v. 2) 
035 |a (OCoLC)07876615 
035 |9 AAJ8275AM 
039 0 |a 2  |b 3  |c 3  |d 3  |e 3 
040 |a DLC  |c DLC  |d TXA  |d UtOrBLW 
049 |a TXAM  |v 1 [1362351]  |v 2 [1362352]  |v 3 [804306] 
050 0 0 |a QD381  |b  E96 
082 0 |a 547.7  |2 19 
245 0 0 |a Extended linear chain compounds /  |c edited by Joel S. Miller. 
264 1 |a New York :  |b Plenum Press,  |c [1982-] 
264 4 |c ©1982- 
300 |a volumes :  |b illustrations ;  |c 24 cm. 
336 |a text  |b txt  |2 rdacontent 
337 |a unmediated  |b n  |2 rdamedia 
338 |a volume  |b nc  |2 rdacarrier 
504 |a Includes bibliographical references and index. 
650 0 |a Polymerization. 
650 0 |a Polymers. 
700 1 |a Miller, Joel S. 
999 |a MARS 
999 f f |s c4e34e5b-6239-306f-815a-1f53325f5f21  |i db728ba9-1a0a-30cd-967a-c6282ec2fafb  |t 0 
952 f f |p ric  |a Texas A&M University  |b Rellis Campus  |c Joint Library Facility  |s JLF  |d Remote Storage  |t 0  |e QD381 E96  |h Library of Congress classification  |i unmediated -- volume  |k v.2  |m A14806211567 
952 f f |p ric  |a Texas A&M University  |b Rellis Campus  |c Joint Library Facility  |s JLF  |d Remote Storage  |t 0  |e QD381 E96  |h Library of Congress classification  |i unmediated -- volume  |k v.3  |m A14806346930 
952 f f |p ric  |a Texas A&M University  |b Rellis Campus  |c Joint Library Facility  |s JLF  |d Remote Storage  |t 0  |e QD381 E96  |h Library of Congress classification  |i unmediated -- volume  |k v.1  |m A14806211559 
998 f f |a QD381 E96  |s v.1-v.3  |t 0  |l Remote Storage